Monarchs of Belgium - Statistics

General Stats
  • This quiz has been taken 65 times
  • The average score is 5 of 7
Answer Stats
Reign Answer % Correct
1831-1865 Leopold I
96%
1865-1909 Leopold II
96%
1909-1934 Albert I
79%
2013- Philippe
79%
1993-2013 Albert II
77%
1934-1951 Leopold III
71%
1951-1993 Baudouin
44%
No matching quizzes found
Score Distribution
Percent of People with Each Score
Percentile by Number Answered
Your Score History
You have not taken this quiz